Mentored by a millionaire : Master strategies of super achievers
Uloženo v:
| Hlavní autor: | |
|---|---|
| Médium: | Kniha |
| Jazyk: | Undetermined |
| Vydáno: |
Hoboken, N.J.
John Wiley & Sons
2204
|
| Témata: | |
| Tagy: |
Přidat tag
Žádné tagy, Buďte první, kdo otaguje tento záznam!
|
| Thư viện lưu trữ: | Trung tâm Học liệu Trường Đại học Cần Thơ |
|---|
| LEADER | 00577nam a2200217Ia 4500 | ||
|---|---|---|---|
| 001 | CTU_130995 | ||
| 008 | 210402s9999 xx 000 0 und d | ||
| 020 | |c 26.95 | ||
| 082 | |a 158.1 | ||
| 082 | |b S429 | ||
| 100 | |a Scott, Steve | ||
| 245 | 0 | |a Mentored by a millionaire : | |
| 245 | 0 | |b Master strategies of super achievers | |
| 245 | 0 | |c Steven K. Scott | |
| 260 | |a Hoboken, N.J. | ||
| 260 | |b John Wiley & Sons | ||
| 260 | |c 2204 | ||
| 650 | |a Success | ||
| 650 | |x Psychological aspects | ||
| 904 | |i Giang | ||
| 980 | |a Trung tâm Học liệu Trường Đại học Cần Thơ | ||